Mechanika a termodynamika Zbierka príkladov ; Jozef Hörmann, Milan Kalousek, Jarmila Lipková, Štefan Mrva, Viktor Wittlinger

Bibliographic Details
Main Authors: Hörmann, Jozef (Author), Kalousek, Milan (Author), Lipková, Jarmila, 1944- (Author), Mrva, Štefan (Author), Wittlinger, Viktor, 1937- (Author)
Format: Book
Language:Slovak
PhysicalDescription:315 s., 12,987 AH Tb. 29 cm
Published: Bratislava Slovenská vysoká škola technická 1984
Edition:1. vyd.

MARC

LEADER 00000nam a2200000 a 4500
001 vtls001119253
003 SK-MaSNL
005 20260301094530.0
008 250414s1984 xo 0 slo
015 |a SNBA1984/08 
035 |a SNK000062096 
040 |a SNK  |b slo  |c SNK  |e AACR2 
041 0 |a slo 
080 |a 531+539.3/.4+536.7(075.8)(076.5)  |2 1981 
080 |a 539.3/.4  |2 1981 
080 |a 536.7(075.8)(076.5)  |2 1981 
080 |a 539.3/.4(075.8)(076.5)  |2 1981 
245 0 0 |a Mechanika a termodynamika  |b Zbierka príkladov ; Jozef Hörmann, Milan Kalousek, Jarmila Lipková, Štefan Mrva, Viktor Wittlinger 
250 |a 1. vyd. 
260 |a Bratislava  |b Slovenská vysoká škola technická  |c 1984  |e Bratislava  |f Edičné stredisko SVŠT 
300 |a 315 s., 12,987 AH  |b Tb.  |c 29 cm 
366 |e 200 výtl. 
500 |a Schválil rektor SVŠT v Bratislave ako skriptá. Rozmn. 
700 1 |a Hörmann, Jozef  |4 aut  |9 397287 
700 1 |a Kalousek, Milan  |4 aut  |9 354626 
700 1 |a Lipková, Jarmila,  |d 1944-  |4 aut  |9 9628 
700 1 |a Mrva, Štefan  |4 aut  |9 369877 
700 1 |a Wittlinger, Viktor,  |d 1937-  |4 aut  |9 5985 
852 |a Slovenská národná knižnica 
954 |a mechanika  |a termodynamika 
958 |a OND 
999 |c 680554  |d 682484 
952 |a SNK  |b SNK  |y PREZ  |7 0  |p 17A0772116  |o snkSB 38018  |0 0  |1 0  |4 0  |d 2012-05-09  |f 1  |l 0  |r 2025-04-22 00:00:00  |w 2026-02-23 
952 |t P60, <04>, [BOOK], {604}  |a SNK  |b SNK  |y VYP  |7 0  |p 17A0206573  |o snkSB 38018 D1  |0 0  |1 0  |4 0  |d 1999-08-20  |l 0  |r 2004-12-31 00:00:00  |w 2026-02-23